| 000 | 00526nam a2200217Ia 4500 | ||
|---|---|---|---|
| 003 | OSt | ||
| 005 | 20250613105116.0 | ||
| 008 | 191130s2009##################000#0#eng## | ||
| 020 | _a9780141028088 | ||
| 040 |
_aACL _cACL |
||
| 082 | _a823.92 FOX | ||
| 100 | _aFox, Leonie | ||
| 245 |
_aMembers only _cLeonie Fox |
||
| 260 |
_aLondon _b[publisher not identified] _c2009 |
||
| 300 | _a420 p | ||
| 650 | _aFiction | ||
| 856 | _3pbk | ||
| 942 |
_2ddc _cENGLISH |
||
| 990 | _ac472604aac10000c0aa384d06355a786 | ||
| 999 |
_c8452 _d8452 |
||